| 000 | 02297nam a2200421 c 4500 | ||
|---|---|---|---|
| 003 | BLK | ||
| 005 | 20250623122219.0 | ||
| 008 | 180411b bul|||||r ||||||| ||bul|| | ||
| 010 | _aKNG00188832000 | ||
| 020 |
_a978-619-150-614-9 _bиздат.: Колибри |
||
| 040 | _aBLK | ||
| 041 |
_aBUL _cBUL |
||
| 072 | 7 |
_2bullib _aН15 _xПсихология Н |
|
| 080 |
_aПсихология на детската възраст. Интелектуално развитие на децата. Психически особености. Детски представи, описани в разкази _b159.922.7 _x _z159.922.7 |
||
| 080 |
_aВъзпитание у дома. Семейно възпитание _b37.018.1 _x _z37.018.1 |
||
| 100 | 1 |
_aГипенрейтер, Юлия Борисовна _eпърви автор _9303386 |
|
| 700 | 1 |
_aБранц, София Азариева _eпрев. от рус. _9364087 |
|
| 139 |
_aГипенрейтер, Юлия Борисовна _bГ 49 |
||
| 245 | 1 | 0 |
_aЗа родителите _bВъпроси и отговори : Как да развием у детето интерес към учението, как да го научим да общува с приятели и да расте самостоятелно _cЮлия Борисовна Гипенрейтер; прев. от рус. София Азариева Бранц. |
| 257 | _aRUS | ||
| 260 |
_аСофия _bКолибри _c2015 _fСофия : Инвестпрес |
||
| 300 |
_a146 с. _bс ил. _c20 см |
||
| 380 | _a1 | ||
| 500 | _aОриг. загл. Родителям: Книга вопросов и ответов / Юлия Борисовна Гиппенрейтер. | ||
| 650 | 4 |
_aДетска и педагогическа психология _9244538 |
|
| 650 | 4 |
_aСемейно възпитание _9263959 |
|
| 653 | _aвъзпитание | ||
| 653 | _aобщуване | ||
| 653 | _aдетска психология | ||
| 653 | _aсемейно възпитание | ||
| 659 | _aН | ||
| 852 | _aЦб 281260 | ||
| 856 | 4 |
_qpdf _u |
|
| 856 | 4 |
_qpdf _u |
|
| 942 |
_cKNG _n0 _07 |
||
| 944 |
_aCR _c28.06.2016 _lЦветелина Шанова _k30531 |
||
| 944 |
_aED _c13.06.2017 _lф / _kЛюдмила_Стоянова |
||
| 999 |
_c180008 _d180008 |
||